00894nas a2200217 454500001000500000005001700005008003700022003001500059040004000074080007200114245003200186264008600218310009500304100002000399650003600419650003100455650003000486650003200516650001300548856011500561536920260407193504.0260407s1972####ag###########|||spa#dAR-UNSa-BCEJYS aAR-UNSa-BCEJYSbspacAR-UNSa-BCEJYS a339.96xAyuda al desarrollo como forma de cooperación económica10aDerecho de la integración 1aBuenos Aires :bInstituto para la Integración de América Latina (INTAL)c1972 aFrecuencia: Cuatrimestral Cambia de Director a partir del Vol 8, Nº 20, por Eduardo White1 aPeña, Félix aDesarrollo económico y social aRelaciones internacionales aIntegración económica aCooperación internacional aECONOMIA41uhttps://biblioeco.unsa.edu.ar/pmb/images/revistas/Derecho de la Integracion.jpgyImagen de portadaqimage/jpeg